<?xml version="1.0" encoding="UTF-8"?><?xml-stylesheet type="text/xsl" href="static/style.xsl"?><OAI-PMH xmlns="http://www.openarchives.org/OAI/2.0/" xmlns:xsi="http://www.w3.org/2001/XMLSchema-instance" xsi:schemaLocation="http://www.openarchives.org/OAI/2.0/ http://www.openarchives.org/OAI/2.0/OAI-PMH.xsd"><responseDate>2026-04-29T02:37:39Z</responseDate><request verb="GetRecord" identifier="oai:repisalud.isciii.es:20.500.12105/26947" metadataPrefix="marc">https://repisalud.isciii.es/rest/oai/request</request><GetRecord><record><header><identifier>oai:repisalud.isciii.es:20.500.12105/26947</identifier><datestamp>2025-11-01T01:20:14Z</datestamp><setSpec>com_20.500.12105_26629</setSpec><setSpec>com_20.500.12105_5570</setSpec><setSpec>com_20.500.12105_2404</setSpec><setSpec>com_20.500.12105_2403</setSpec><setSpec>col_20.500.12105_26932</setSpec></header><metadata><record xmlns="http://www.loc.gov/MARC21/slim" xmlns:dcterms="http://purl.org/dc/terms/" xmlns:doc="http://www.lyncode.com/xoai" xmlns:xsi="http://www.w3.org/2001/XMLSchema-instance" xsi:schemaLocation="http://www.loc.gov/MARC21/slim http://www.loc.gov/standards/marcxml/schema/MARC21slim.xsd">
   <leader>00925njm 22002777a 4500</leader>
   <datafield ind2=" " ind1=" " tag="042">
      <subfield code="a">dc</subfield>
   </datafield>
   <datafield ind2=" " ind1=" " tag="720">
      <subfield code="a">Vergara-Ruíz, Casandra Viridiana</subfield>
      <subfield code="e">author</subfield>
   </datafield>
   <datafield ind2=" " ind1=" " tag="720">
      <subfield code="a">Ruíz de Chávez-Ramírez, Dellanira</subfield>
      <subfield code="e">author</subfield>
   </datafield>
   <datafield ind2=" " ind1=" " tag="720">
      <subfield code="a">Reyes-Estrada, Claudia Araceli</subfield>
      <subfield code="e">author</subfield>
   </datafield>
   <datafield ind2=" " ind1=" " tag="260">
      <subfield code="c">2025-09-30</subfield>
   </datafield>
   <datafield ind2=" " ind1=" " tag="520">
      <subfield code="a">[ES]Introducción: Para la Organización Internacional del Trabajo, el oficio de recolección de basura se encuentra entre las diez ocupaciones más peligrosas a nivel mundial, lo cual propicia diversas afecciones hacia la salud física y mental. Método: Estudio cuantitativo de tipo observacional, analítico y transversal. Se entrevistaron a 100 recolectores de basura y se les aplicó un cuestionario. Para el análisis estadístico se emplearon frecuencias, porcentajes y la prueba de correlación chi cuadrada. Resultados: El 100% de los entrevistados fueron hombres, de los cuales 65% han trabajado por más de 10 años. Algunas de las afecciones fueron la irritación en los ojos con 33%, respecto a la fatiga extrema 27% y dolores de cabeza 23%. Casi la mitad de los entrevistados admitieron padecer dolores en la espalda y espalda baja con prevalencias de 45% y 42%. El 21% presentaron ansiedad y 26% depresión. Existió significancia estadística entre la asociación de los riesgos ambientales laborales y la salud física de los recolectores (p=0,020). Conclusiones: El análisis estadístico entre los riesgos laborales y la salud física y mental dejaron en claro el impacto directo que tienen las condiciones laborales adversas sobre los recolectores de basura. Palabras clave: recolector de basura; riesgos laborales; salud física; salud mental. [EN] Introduction: According to the International Labor Organization, garbage collection is among the ten most dangerous occupations worldwide, leading to various physical and mental health conditions. Method: A quantitative, observational, analytical, and cross-sectional study was conducted. A total of 100 garbage collectors were interviewed and given a questionnaire. Statistical analysis included frequencies, percentages, and the chi-square correlation test. Results: All respondents were men, 65% of whom had been working for more than 10 years. Some reported health conditions included eye irritation (33%), extreme fatigue (27%), and headaches (23%). Nearly half of the participants admitted to experiencing back and lower back pain, with prevalence of 45% and 42%, respectively. Additionally, 21% reported anxiety, and 26% experienced depression. A statistically significant association was found between occupational environmental risks and the physical health of garbage collectors (p=0.020). Conclusions: The statistical analysis of occupational risks and physical and mental health clearly demonstrated the direct impact of adverse working conditions on garbage collectors. Keywords: garbage collector; occupational risks; physical health; mental health.</subfield>
   </datafield>
   <datafield ind1="8" ind2=" " tag="024">
      <subfield code="a">Med Segur Trab (Internet). 2025;71(280):206-216</subfield>
   </datafield>
   <datafield ind1="8" ind2=" " tag="024">
      <subfield code="a">1989-7790</subfield>
   </datafield>
   <datafield ind1="8" ind2=" " tag="024">
      <subfield code="a">https://hdl.handle.net/20.500.12105/26947</subfield>
   </datafield>
   <datafield ind1="8" ind2=" " tag="024">
      <subfield code="a">Medicina y Seguridad en el trabajo</subfield>
   </datafield>
   <datafield ind1="8" ind2=" " tag="024">
      <subfield code="a">156240044</subfield>
   </datafield>
   <datafield tag="653" ind2=" " ind1=" ">
      <subfield code="a">recolector de basura</subfield>
   </datafield>
   <datafield tag="653" ind2=" " ind1=" ">
      <subfield code="a">riesgos laborales</subfield>
   </datafield>
   <datafield tag="653" ind2=" " ind1=" ">
      <subfield code="a">salud física</subfield>
   </datafield>
   <datafield tag="653" ind2=" " ind1=" ">
      <subfield code="a">salud mental</subfield>
   </datafield>
   <datafield ind2="0" ind1="0" tag="245">
      <subfield code="a">Riesgos laborales y efectos en la salud de los recolectores de basura en Zacatecas, México</subfield>
   </datafield>
</record></metadata></record></GetRecord></OAI-PMH>